[Event "Greek Team Championship"]
[Site "chess24.com"]
[Date "2017.07.06"]
[Round "5"]
[White "Paraskevas, Georgios"]
[Black "Karousos-Theodorakis, Nikolaos"]
[Result "0-1"]
[Board "9"]
[WhiteElo "1710"]
[WhiteCountry "GRE"]
[WhiteFideId "4262131"]
[WhiteEloChange "-2"]
[BlackElo "2153"]
[BlackCountry "GRE"]
[BlackFideId "4275829"]
[BlackEloChange "2"]

1. e4 {[%clk 1:29:02]} c5 {[%clk 1:30:51]} 2. c3 {[%clk 1:29:29]} g6 {[%clk
1:31:18]} 3. d4 {[%clk 1:29:21]} cxd4 {[%clk 1:31:44]} 4. cxd4 {[%clk 1:29:46]}
d5 {[%clk 1:32:10]} 5. e5 {[%clk 1:30:13]} Nc6 {[%clk 1:32:36]} 6. Nf3 {[%clk
1:30:25]} Bg7 {[%clk 1:33:01]} 7. Qb3 {[%clk 1:23:23]} Nh6 {[%clk 1:28:24]} 8.
Nc3 {[%clk 1:09:48]} Nf5 {[%clk 1:24:22]} 9. Be3 {[%clk 1:02:56]} O-O {[%clk
1:16:50]} 10. Bd3 {[%clk 1:00:10]} Nxe3 {[%clk 1:12:30]} 11. fxe3 {[%clk
1:00:30]} Bh6 {[%clk 1:11:35]} 12. Kf2 {[%clk 0:56:57]} e6 {[%clk 0:56:17]} 13.
Rhe1 {[%clk 0:54:16]} Na5 {[%clk 0:56:26]} 14. Qc2 {[%clk 0:41:56]} Bd7 {[%clk
0:55:33]} 15. h4 {[%clk 0:39:01]} Rc8 {[%clk 0:47:36]} 16. h5 {[%clk 0:34:35]}
Kg7 {[%clk 0:43:56]} 17. g4 {[%clk 0:16:54]} f6 {[%clk 0:38:01]} 18. Bxg6 {[%clk
0:04:13]} fxe5 {[%clk 0:34:09]} 19. Kg3 {[%clk 0:01:16]} Rxf3+ {[%clk 0:31:09]}
20. Kxf3 {[%clk 0:01:40]} e4+ {[%clk 0:31:37]} 21. Bxe4 {[%clk 0:01:49]} dxe4+
{[%clk 0:32:02]} 22. Qxe4 {[%clk 0:01:27]} Bc6 {[%clk 0:28:57]} 23. d5 {[%clk
0:01:56]} Qf6+ {[%clk 0:28:24]} 24. Kg3 {[%clk 0:01:29]} exd5 {[%clk 0:28:34]}
25. Qd4 {[%clk 0:01:22]} Nc4 {[%clk 0:26:43]} 26. b3 {[%clk 0:01:11]} Nxe3 {[%clk
0:26:02]} 27. Qxf6+ {[%clk 0:01:08]} Kxf6 {[%clk 0:26:28]} 28. Rac1 {[%clk
0:00:40]} Rg8 {[%clk 0:25:47]} 29. Rb1 {[%clk 0:00:38]} Rxg4+ {[%clk 0:25:34]}
30. Kf2 {[%clk 0:00:39]} d4 {[%clk 0:25:41]} 31. Re2 {[%clk 0:00:41]} dxc3 {[%clk
0:25:22]} 0-1

[Event "Greek Team Championship"]
[Site "chess24.com"]
[Date "2017.07.06"]
[Round "5"]
[White "Magoulas, Dionysios"]
[Black "Tzavaras, Spyridon"]
[Result "0-1"]
[Board "10"]
[WhiteElo "1161"]
[WhiteCountry "GRE"]
[WhiteFideId "25805878"]
[WhiteEloChange "-6"]
[BlackElo "1321"]
[BlackCountry "GRE"]
[BlackFideId "25800140"]
[BlackEloChange "6"]

1. d4 {[%clk 1:30:30]} d5 {[%clk 1:30:30]} 2. c4 {[%clk 1:30:30]} c6 {[%clk
1:30:30]} 3. cxd5 {[%clk 1:30:30]} cxd5 {[%clk 1:30:30]} 4. Nc3 {[%clk 1:30:30]}
Nf6 {[%clk 1:30:30]} 5. Nf3 {[%clk 1:30:30]} Nc6 {[%clk 1:30:30]} 6. Bf4 {[%clk
1:30:30]} a6 {[%clk 1:30:30]} 7. Rc1 {[%clk 1:30:30]} e6 {[%clk 1:30:30]} 8. e3
{[%clk 1:30:30]} Be7 {[%clk 1:30:30]} 9. Bd3 {[%clk 1:30:30]} O-O {[%clk
1:30:30]} 10. O-O {[%clk 1:30:30]} Nh5 {[%clk 1:30:30]} 11. Bg3 {[%clk 1:30:30]}
Nxg3 {[%clk 1:30:30]} 12. hxg3 {[%clk 1:30:30]} Bd7 {[%clk 1:30:30]} 13. a3
{[%clk 1:30:30]} Rc8 {[%clk 1:30:30]} 14. Qd2 {[%clk 1:30:30]} Bd6 {[%clk
1:30:30]} 15. Qe2 {[%clk 1:30:30]} Qf6 {[%clk 1:30:30]} 16. Na4 {[%clk 1:30:30]}
Nxd4 {[%clk 1:30:30]} 17. exd4 {[%clk 1:30:30]} Bxa4 {[%clk 1:30:30]} 18. Rfe1
{[%clk 1:30:30]} Bd7 {[%clk 1:30:30]} 19. Rc2 {[%clk 1:30:30]} Rxc2 {[%clk
1:30:30]} 20. Qxc2 {[%clk 1:30:30]} h6 {[%clk 1:30:30]} 21. Qe2 {[%clk 1:30:30]}
Rc8 {[%clk 1:30:30]} 22. Ne5 {[%clk 1:30:30]} Qe7 {[%clk 1:30:30]} 23. Qe3 {[%clk
1:30:30]} Be8 {[%clk 1:30:30]} 24. Qe2 {[%clk 1:30:30]} Qg5 {[%clk 1:30:30]} 25.
Qe3 {[%clk 1:30:30]} Qxe3 {[%clk 1:30:30]} 26. Rxe3 {[%clk 1:30:30]} Rc1+ {[%clk
1:30:30]} 27. Kh2 {[%clk 1:30:30]} Rd1 {[%clk 1:30:30]} 28. Nf3 {[%clk 1:30:30]}
g5 {[%clk 1:30:30]} 29. Bc2 {[%clk 1:30:30]} Rc1 {[%clk 1:30:30]} 30. Rc3 {[%clk
1:30:30]} Rf1 {[%clk 1:30:30]} 31. Rc8 {[%clk 1:30:30]} Kf8 {[%clk 1:30:30]} 32.
Bd3 {[%clk 1:30:30]} Rxf2 {[%clk 1:30:30]} 33. b4 {[%clk 1:30:30]} Ra2 {[%clk
1:30:30]} 34. Rc3 {[%clk 1:30:30]} Bc6 {[%clk 1:30:30]} 35. Bc2 {[%clk 1:30:30]}
Ke7 {[%clk 1:30:30]} 36. Kg1 {[%clk 1:30:30]} Bxg3 {[%clk 1:30:30]} 37. Kf1
{[%clk 1:30:30]} Bb5+ {[%clk 1:30:30]} 38. Bd3 {[%clk 1:30:30]} Bxd3+ {[%clk
1:30:30]} 39. Rxd3 {[%clk 1:30:30]} Ra1+ {[%clk 1:30:30]} 40. Ke2 {[%clk
1:30:30]} Ra2+ {[%clk 1:30:30]} 41. Nd2 {[%clk 1:30:30]} Bf4 {[%clk 1:30:30]} 42.
g3 {[%clk 1:30:30]} Bxd2 {[%clk 1:30:30]} 43. Rxd2 {[%clk 1:30:30]} Rxa3 {[%clk
1:30:30]} 44. Rd3 {[%clk 1:30:30]} Rxd3 {[%clk 1:30:30]} 45. Kxd3 {[%clk
1:30:30]} Kf6 {[%clk 1:30:30]} 0-1

[Event "Greek Team Championship"]
[Site "chess24.com"]
[Date "2017.07.06"]
[Round "5"]
[White "Istratescu, Andrei"]
[Black "Polzin, Rainer"]
[Result "1-0"]
[Board "1"]
[WhiteElo "2593"]
[WhiteTitle "GM"]
[WhiteCountry "ROU"]
[WhiteFideId "1200372"]
[WhiteEloChange "3"]
[BlackElo "2405"]
[BlackTitle "GM"]
[BlackCountry "GER"]
[BlackFideId "4610741"]
[BlackEloChange "-3"]

1. d4 {[%clk 1:28:06]} Nf6 {[%clk 1:30:40]} 2. c4 {[%clk 1:28:32]} g6 {[%clk
1:31:03]} 3. Nc3 {[%clk 1:28:58]} Bg7 {[%clk 1:31:28]} 4. e4 {[%clk 1:29:25]} d6
{[%clk 1:31:53]} 5. Nf3 {[%clk 1:29:20]} O-O {[%clk 1:32:15]} 6. h3 {[%clk
1:29:09]} Na6 {[%clk 1:32:38]} 7. g3 {[%clk 1:29:07]} e5 {[%clk 1:22:24]} 8. Bg2
{[%clk 1:28:58]} exd4 {[%clk 1:05:47]} 9. Nxd4 {[%clk 1:29:07]} Bd7 {[%clk
1:06:07]} 10. O-O {[%clk 1:29:11]} Re8 {[%clk 1:06:18]} 11. Kh2 {[%clk 1:26:01]}
Qc8 {[%clk 1:03:56]} 12. Re1 {[%clk 1:17:27]} Re5 {[%clk 1:01:45]} 13. f4 {[%clk
1:07:35]} Re8 {[%clk 0:43:38]} 14. Be3 {[%clk 0:53:52]} Nc5 {[%clk 0:41:35]} 15.
Bf2 {[%clk 0:49:47]} a5 {[%clk 0:38:45]} 16. Qd2 {[%clk 0:49:47]} h5 {[%clk
0:39:05]} 17. Rad1 {[%clk 0:40:05]} Bh6 {[%clk 0:38:19]} 18. Nb3 {[%clk 0:33:19]}
Nxb3 {[%clk 0:32:22]} 19. axb3 {[%clk 0:32:58]} Bc6 {[%clk 0:20:58]} 20. Bd4
{[%clk 0:31:45]} Nd7 {[%clk 0:17:21]} 21. Qf2 {[%clk 0:25:53]} Re7 {[%clk
0:17:37]} 22. Rc1 {[%clk 0:16:59]} Qd8 {[%clk 0:10:18]} 23. Nd5 {[%clk 0:14:45]}
Bxd5 {[%clk 0:10:41]} 24. cxd5 {[%clk 0:15:13]} Bg7 {[%clk 0:05:41]} 25. Bxg7
{[%clk 0:12:55]} Kxg7 {[%clk 0:06:09]} 26. Qd4+ {[%clk 0:13:07]} f6 {[%clk
0:04:13]} 27. h4 {[%clk 0:13:07]} b6 {[%clk 0:02:02]} 28. Rc3 {[%clk 0:10:16]}
Nc5 {[%clk 0:01:49]} 29. e5 {[%clk 0:10:00]} Kh7 {[%clk 0:02:14]} 30. e6 {[%clk
0:07:23]} f5 {[%clk 0:02:21]} 31. Ra1 {[%clk 0:07:47]} Re8 {[%clk 0:01:34]} 32.
b4 {[%clk 0:06:04]} axb4 {[%clk 0:01:24]} 33. Rxa8 {[%clk 0:06:28]} Qxa8 {[%clk
0:01:51]} 34. Qxb4 {[%clk 0:06:55]} Qa1 {[%clk 0:01:26]} 35. Ra3 {[%clk 0:04:17]}
Qd1 {[%clk 0:01:49]} 36. Qc3 {[%clk 0:04:37]} Kh6 {[%clk 0:00:43]} 37. Ra7 {[%clk
0:03:26]} Qe2 {[%clk 0:00:49]} 38. Rxc7 {[%clk 0:03:40]} Rg8 {[%clk 0:01:10]} 39.
Qf6 {[%clk 0:03:57]} Ne4 {[%clk 0:01:27]} 40. Qg5+ {[%clk 0:34:12]} Nxg5 {[%clk
0:31:55]} 41. hxg5# {[%clk 0:34:38]} 1-0

[Event "Greek Team Championship"]
[Site "chess24.com"]
[Date "2017.07.06"]
[Round "5"]
[White "Schuetze, Norman"]
[Black "Szabo, Gergely-Andras-Gyula"]
[Result "0-1"]
[Board "2"]
[WhiteElo "2278"]
[WhiteCountry "GER"]
[WhiteFideId "4659406"]
[WhiteEloChange "-4"]
[BlackElo "2546"]
[BlackTitle "GM"]
[BlackCountry "ROU"]
[BlackFideId "1205064"]
[BlackEloChange "2"]

1. e4 {[%clk 1:30:56]} e6 {[%clk 1:30:44]} 2. d4 {[%clk 1:31:17]} d5 {[%clk
1:31:06]} 3. Nc3 {[%clk 1:31:38]} Nf6 {[%clk 1:31:29]} 4. e5 {[%clk 1:31:19]}
Nfd7 {[%clk 1:31:54]} 5. f4 {[%clk 1:31:29]} c5 {[%clk 1:32:13]} 6. Nf3 {[%clk
1:31:49]} Be7 {[%clk 1:32:16]} 7. Be3 {[%clk 1:31:46]} O-O {[%clk 1:32:02]} 8.
Qd2 {[%clk 1:32:06]} b6 {[%clk 1:32:26]} 9. Be2 {[%clk 1:23:21]} Nc6 {[%clk
1:27:12]} 10. O-O {[%clk 1:20:17]} Bb7 {[%clk 1:27:32]} 11. Nd1 {[%clk 1:16:13]}
cxd4 {[%clk 1:23:40]} 12. Nxd4 {[%clk 1:16:37]} Nc5 {[%clk 1:24:02]} 13. Nf2
{[%clk 1:16:15]} Qd7 {[%clk 1:23:55]} 14. c3 {[%clk 1:00:59]} Rac8 {[%clk
1:17:25]} 15. b4 {[%clk 0:58:02]} Nxd4 {[%clk 1:13:11]} 16. cxd4 {[%clk 0:57:43]}
Ne4 {[%clk 1:01:38]} 17. Nxe4 {[%clk 0:57:55]} dxe4 {[%clk 1:02:04]} 18. b5
{[%clk 0:58:09]} Ba3 {[%clk 0:59:15]} 19. Rab1 {[%clk 0:57:12]} Bd5 {[%clk
0:56:15]} 20. Qd1 {[%clk 0:53:00]} Rc3 {[%clk 0:26:23]} 21. Bd2 {[%clk 0:51:46]}
Rc7 {[%clk 0:25:48]} 22. Qa4 {[%clk 0:51:39]} Bc4 {[%clk 0:24:53]} 23. Rf2 {[%clk
0:48:22]} Qxd4 {[%clk 0:20:20]} 24. Bxc4 {[%clk 0:42:53]} Bc5 {[%clk 0:20:12]}
0-1

[Event "Greek Team Championship"]
[Site "chess24.com"]
[Date "2017.07.06"]
[Round "5"]
[White "Tsekouras, Theodoros"]
[Black "Milonakis, Georgios"]
[Result "1-0"]
[Board "3"]
[WhiteElo "2225"]
[WhiteCountry "GRE"]
[WhiteFideId "4203402"]
[WhiteEloChange "9"]
[BlackElo "2196"]
[BlackCountry "GRE"]
[BlackFideId "4206320"]
[BlackEloChange "-9"]

1. e4 {[%clk 1:30:32]} e5 {[%clk 1:30:36]} 2. Nf3 {[%clk 1:30:56]} Nc6 {[%clk
1:30:52]} 3. Bb5 {[%clk 1:31:12]} a6 {[%clk 1:31:08]} 4. Ba4 {[%clk 1:31:22]} Nf6
{[%clk 1:31:26]} 5. O-O {[%clk 1:31:36]} Be7 {[%clk 1:31:44]} 6. Re1 {[%clk
1:30:21]} b5 {[%clk 1:31:52]} 7. Bb3 {[%clk 1:30:46]} d6 {[%clk 1:31:39]} 8. c3
{[%clk 1:31:09]} O-O {[%clk 1:31:54]} 9. h3 {[%clk 1:31:11]} Na5 {[%clk 1:29:16]}
10. Bc2 {[%clk 1:31:24]} c5 {[%clk 1:29:05]} 11. d4 {[%clk 1:30:51]} Nd7 {[%clk
1:28:58]} 12. Nbd2 {[%clk 1:29:24]} exd4 {[%clk 1:29:16]} 13. cxd4 {[%clk
1:29:48]} Bf6 {[%clk 1:28:54]} 14. e5 {[%clk 1:15:14]} dxe5 {[%clk 1:27:24]} 15.
dxe5 {[%clk 1:15:19]} Be7 {[%clk 1:20:57]} 16. Qe2 {[%clk 1:00:33]} Nb6 {[%clk
1:11:00]} 17. Ne4 {[%clk 0:54:01]} Be6 {[%clk 1:01:00]} 18. Neg5 {[%clk 0:29:48]}
g6 {[%clk 1:00:54]} 19. Ne4 {[%clk 0:28:23]} Nc6 {[%clk 0:52:26]} 20. Qe3 {[%clk
0:19:43]} Nd4 {[%clk 0:31:57]} 21. Nxd4 {[%clk 0:19:02]} Qxd4 {[%clk 0:32:14]}
22. Qg3 {[%clk 0:19:30]} Nd7 {[%clk 0:28:35]} 23. Ng5 {[%clk 0:18:37]} Rad8
{[%clk 0:22:47]} 24. Re4 {[%clk 0:12:20]} Qd5 {[%clk 0:20:37]} 25. Re2 {[%clk
0:05:43]} Bf5 {[%clk 0:10:42]} 26. Bf4 {[%clk 0:01:36]} Bxc2 {[%clk 0:10:58]} 27.
Rxc2 {[%clk 0:02:04]} h6 {[%clk 0:05:21]} 28. Nf3 {[%clk 0:01:29]} Kh7 {[%clk
0:05:36]} 29. h4 {[%clk 0:01:10]} Qe4 {[%clk 0:04:29]} 30. Rd2 {[%clk 0:01:08]}
Nb6 {[%clk 0:04:30]} 31. Re1 {[%clk 0:00:54]} Qf5 {[%clk 0:04:46]} 32. Rde2
{[%clk 0:00:43]} Nd5 {[%clk 0:03:49]} 33. Re4 {[%clk 0:00:50]} Nc7 {[%clk
0:04:14]} 34. Nh2 {[%clk 0:00:46]} h5 {[%clk 0:03:56]} 35. Nf3 {[%clk 0:00:54]}
Ne6 {[%clk 0:04:21]} 36. Ng5+ {[%clk 0:00:40]} Nxg5 {[%clk 0:03:22]} 37. hxg5
{[%clk 0:00:51]} Rd4 {[%clk 0:03:39]} 38. Qe3 {[%clk 0:00:34]} Rxe4 {[%clk
0:02:11]} 39. Qxe4 {[%clk 0:00:59]} Qxe4 {[%clk 0:02:23]} 40. Rxe4 {[%clk
0:31:27]} Rd8 {[%clk 0:32:19]} 41. f3 {[%clk 0:20:58]} Kg8 {[%clk 0:29:59]} 42.
Kf2 {[%clk 0:20:58]} c4 {[%clk 0:29:22]} 43. Ke2 {[%clk 0:21:00]} Kf8 {[%clk
0:28:42]} 44. Be3 {[%clk 0:20:17]} Rd5 {[%clk 0:27:49]} 45. f4 {[%clk 0:19:01]}
Ke8 {[%clk 0:24:17]} 46. e6 {[%clk 0:11:59]} f6 {[%clk 0:18:04]} 47. gxf6 {[%clk
0:04:22]} Bxf6 {[%clk 0:18:27]} 48. Bc1 {[%clk 0:04:44]} Rd3 {[%clk 0:15:33]} 49.
a4 {[%clk 0:01:39]} Rb3 {[%clk 0:12:13]} 50. axb5 {[%clk 0:02:02]} axb5 {[%clk
0:12:37]} 51. Kd1 {[%clk 0:01:37]} Bxb2 {[%clk 0:11:35]} 52. Be3 {[%clk 0:01:37]}
Bf6 {[%clk 0:10:54]} 53. Bc5 {[%clk 0:01:53]} Rb2 {[%clk 0:05:21]} 54. e7 {[%clk
0:02:06]} c3 {[%clk 0:03:07]} 55. Re6 {[%clk 0:02:09]} Rd2+ {[%clk 0:03:32]} 56.
Kc1 {[%clk 0:02:20]} Bd4 {[%clk 0:02:12]} 57. Bb4 {[%clk 0:01:44]} Rb2 {[%clk
0:02:35]} 58. Ba3 {[%clk 0:01:30]} Rxg2 {[%clk 0:02:16]} 59. Re4 {[%clk 0:00:34]}
Bg7 {[%clk 0:01:25]} 60. Re6 {[%clk 0:00:48]} Bh6 {[%clk 0:01:39]} 61. Rf6 {[%clk
0:00:58]} Rg1+ {[%clk 0:00:52]} 62. Kc2 {[%clk 0:01:24]} Rg2+ {[%clk 0:01:16]}
63. Kd3 {[%clk 0:01:19]} Rg3+ {[%clk 0:00:45]} 64. Ke4 {[%clk 0:01:12]} Kd7
{[%clk 0:00:34]} 65. Rf8 {[%clk 0:01:24]} 1-0

[Event "Greek Team Championship"]
[Site "chess24.com"]
[Date "2017.07.06"]
[Round "5"]
[White "Gkogkas, Dimitrios"]
[Black "Moutzouris, Iason"]
[Result "1/2-1/2"]
[Board "4"]
[WhiteElo "2094"]
[WhiteCountry "GRE"]
[WhiteFideId "4200462"]
[WhiteEloChange "-7"]
[BlackElo "1818"]
[BlackCountry "GRE"]
[BlackFideId "4219740"]
[BlackEloChange "7"]

1. Nf3 {[%clk 1:29:31]} Nf6 {[%clk 1:30:56]} 2. b3 {[%clk 1:29:48]} g6 {[%clk
1:30:42]} 3. Bb2 {[%clk 1:30:16]} Bg7 {[%clk 1:31:06]} 4. e3 {[%clk 1:29:51]} O-O
{[%clk 1:30:54]} 5. c4 {[%clk 1:28:15]} d5 {[%clk 1:26:43]} 6. cxd5 {[%clk
1:22:29]} Nxd5 {[%clk 1:26:53]} 7. Bxg7 {[%clk 1:22:46]} Kxg7 {[%clk 1:27:14]} 8.
d4 {[%clk 1:11:04]} Bf5 {[%clk 1:22:44]} 9. Bd3 {[%clk 1:06:07]} Bxd3 {[%clk
1:22:35]} 10. Qxd3 {[%clk 1:06:34]} c5 {[%clk 1:21:15]} 11. O-O {[%clk 1:05:49]}
cxd4 {[%clk 1:20:36]} 12. Nxd4 {[%clk 1:00:05]} e5 {[%clk 1:17:58]} 13. Nf3
{[%clk 0:55:44]} Nc6 {[%clk 1:11:35]} 14. Nc3 {[%clk 0:51:10]} Nxc3 {[%clk
1:09:43]} 15. Qxc3 {[%clk 0:51:37]} Qe7 {[%clk 1:09:13]} 16. Rad1 {[%clk
0:49:25]} Rfd8 {[%clk 1:08:43]} 17. h3 {[%clk 0:48:48]} f6 {[%clk 1:07:20]} 18.
Qc4 {[%clk 0:48:25]} Rxd1 {[%clk 1:06:29]} 19. Rxd1 {[%clk 0:48:46]} Re8 {[%clk
0:56:26]} 20. Rd5 {[%clk 0:42:45]} Qf7 {[%clk 0:51:17]} 21. Qc5 {[%clk 0:41:19]}
Qf8 {[%clk 0:46:32]} 22. Qb5 {[%clk 0:38:10]} Qe7 {[%clk 0:45:18]} 23. Nd2 {[%clk
0:36:42]} Rd8 {[%clk 0:43:08]} 24. Rxd8 {[%clk 0:32:30]} Nxd8 {[%clk 0:42:18]}
25. Ne4 {[%clk 0:31:17]} Ne6 {[%clk 0:33:29]} 26. Qd5 {[%clk 0:30:25]} Ng5 {[%clk
0:28:05]} 27. Nd6 {[%clk 0:21:30]} b6 {[%clk 0:27:32]} 28. Qc6 {[%clk 0:15:49]}
f5 {[%clk 0:08:37]} 29. Qd5 {[%clk 0:08:57]} Nf7 {[%clk 0:06:26]} 30. Nxf7 {[%clk
0:09:15]} Qxf7 {[%clk 0:06:55]} 31. Qxe5+ {[%clk 0:09:37]} Kg8 {[%clk 0:06:30]}
32. Qd4 {[%clk 0:07:42]} Qe7 {[%clk 0:06:14]} 33. a4 {[%clk 0:06:15]} Qb7 {[%clk
0:02:40]} 34. f3 {[%clk 0:06:17]} Kf7 {[%clk 0:02:12]} 35. Kf2 {[%clk 0:05:11]}
Ke6 {[%clk 0:02:37]} 36. e4 {[%clk 0:04:22]} b5 {[%clk 0:01:06]} 37. exf5+ {[%clk
0:03:16]} gxf5 {[%clk 0:00:53]} 38. g4 {[%clk 0:01:55]} bxa4 {[%clk 0:00:50]} 39.
gxf5+ {[%clk 0:02:07]} Kxf5 {[%clk 0:01:10]} 40. Qg4+ {[%clk 0:31:31]} Kf6 {[%clk
0:30:43]} 41. Qf4+ {[%clk 0:29:56]} Ke6 {[%clk 0:26:47]} 42. Qxa4 {[%clk
0:29:34]} Ke5 {[%clk 0:22:16]} 43. Kg3 {[%clk 0:27:55]} Qb6 {[%clk 0:19:38]} 44.
Qf4+ {[%clk 0:26:51]} Kd5 {[%clk 0:18:03]} 45. Qg5+ {[%clk 0:21:05]} Kd4 {[%clk
0:18:05]} 46. Qd2+ {[%clk 0:21:33]} Ke5 {[%clk 0:18:16]} 47. f4+ {[%clk 0:17:57]}
Kf6 {[%clk 0:17:02]} 48. Qd5 {[%clk 0:15:11]} Qg1+ {[%clk 0:14:45]} 49. Qg2
{[%clk 0:13:06]} Qe3+ {[%clk 0:14:41]} 50. Qf3 {[%clk 0:13:19]} Qe1+ {[%clk
0:13:23]} 51. Kg4 {[%clk 0:11:47]} Qe6+ {[%clk 0:11:09]} 52. Kh4 {[%clk 0:10:43]}
Qe1+ {[%clk 0:09:02]} 53. Qg3 {[%clk 0:09:50]} Qb1 {[%clk 0:09:07]} 54. Qg5+
{[%clk 0:08:05]} Kf7 {[%clk 0:08:58]} 55. Qd5+ {[%clk 0:08:12]} Kf6 {[%clk
0:07:43]} 56. Qe5+ {[%clk 0:07:50]} Kf7 {[%clk 0:06:40]} 57. Qc7+ {[%clk
0:07:07]} Kg6 {[%clk 0:05:00]} 58. Qd6+ {[%clk 0:06:39]} Kf7 {[%clk 0:05:24]} 59.
Qd7+ {[%clk 0:06:20]} Kf6 {[%clk 0:04:30]} 60. Qxa7 {[%clk 0:06:21]} Qe1+ {[%clk
0:04:39]} 61. Kg4 {[%clk 0:06:13]} Qd1+ {[%clk 0:04:21]} 62. Kg3 {[%clk 0:05:14]}
Qxb3+ {[%clk 0:04:41]} 63. Kg2 {[%clk 0:05:28]} Qd5+ {[%clk 0:04:35]} 64. Kf2
{[%clk 0:05:12]} Qd2+ {[%clk 0:04:54]} 65. Kf3 {[%clk 0:05:22]} Qd5+ {[%clk
0:03:57]} 66. Kf2 {[%clk 0:05:37]} Qd2+ {[%clk 0:04:21]} 1/2-1/2

[Event "Greek Team Championship"]
[Site "chess24.com"]
[Date "2017.07.06"]
[Round "5"]
[White "Makropoulou, Marina"]
[Black "Skaraki, Antigoni"]
[Result "1/2-1/2"]
[Board "5"]
[WhiteElo "2136"]
[WhiteTitle "WGM"]
[WhiteCountry "GRE"]
[WhiteFideId "4200187"]
[WhiteEloChange "-5"]
[BlackElo "1947"]
[BlackCountry "GRE"]
[BlackFideId "4222970"]
[BlackEloChange "5"]

1. e4 {[%clk 1:30:55]} c5 {[%clk 1:30:55]} 2. Nf3 {[%clk 1:31:12]} Nc6 {[%clk
1:31:16]} 3. Bb5 {[%clk 1:30:58]} Na5 {[%clk 1:31:20]} 4. O-O {[%clk 1:31:06]}
Nf6 {[%clk 1:25:07]} 5. Re1 {[%clk 1:31:02]} a6 {[%clk 1:23:54]} 6. Bf1 {[%clk
1:30:22]} e6 {[%clk 1:21:15]} 7. e5 {[%clk 1:17:47]} Nd5 {[%clk 1:14:31]} 8. c4
{[%clk 1:16:19]} Ne7 {[%clk 1:05:45]} 9. Nc3 {[%clk 1:15:43]} Qc7 {[%clk
1:03:39]} 10. b3 {[%clk 1:05:14]} Nac6 {[%clk 0:49:59]} 11. Ne4 {[%clk 0:37:34]}
Nf5 {[%clk 0:39:02]} 12. Ba3 {[%clk 0:30:35]} b6 {[%clk 0:36:45]} 13. Ng3 {[%clk
0:30:13]} Nxg3 {[%clk 0:27:47]} 14. hxg3 {[%clk 0:30:29]} Bb7 {[%clk 0:19:26]}
15. d4 {[%clk 0:30:36]} cxd4 {[%clk 0:15:34]} 16. Bxf8 {[%clk 0:30:54]} Kxf8
{[%clk 0:14:26]} 17. Nxd4 {[%clk 0:24:04]} Nxe5 {[%clk 0:14:21]} 18. Qd2 {[%clk
0:19:28]} Nc6 {[%clk 0:13:52]} 19. Nf3 {[%clk 0:17:12]} Ne7 {[%clk 0:13:43]} 20.
Rad1 {[%clk 0:16:23]} Bxf3 {[%clk 0:07:41]} 21. gxf3 {[%clk 0:16:48]} Rd8 {[%clk
0:07:29]} 22. Qb2 {[%clk 0:12:03]} h5 {[%clk 0:05:03]} 23. Re4 {[%clk 0:07:27]}
Ng6 {[%clk 0:04:06]} 24. Qa3+ {[%clk 0:06:48]} Kg8 {[%clk 0:04:15]} 25. Qd6
{[%clk 0:06:53]} Qb7 {[%clk 0:02:55]} 26. c5 {[%clk 0:04:20]} bxc5 {[%clk
0:02:40]} 27. Bxa6 {[%clk 0:04:33]} Qa8 {[%clk 0:02:57]} 28. a4 {[%clk 0:01:47]}
h4 {[%clk 0:02:43]} 29. Be2 {[%clk 0:01:10]} hxg3 {[%clk 0:02:52]} 30. fxg3
{[%clk 0:01:34]} Rh5 {[%clk 0:01:56]} 31. Kg2 {[%clk 0:00:53]} Rd5 {[%clk
0:01:32]} 32. Rxd5 {[%clk 0:01:12]} Qxd5 {[%clk 0:01:55]} 33. Qxd5 {[%clk
0:00:46]} exd5 {[%clk 0:02:22]} 34. Rg4 {[%clk 0:00:42]} Ne5 {[%clk 0:02:06]} 35.
Rh4 {[%clk 0:00:49]} 1/2-1/2

[Event "Greek Team Championship"]
[Site "chess24.com"]
[Date "2017.07.06"]
[Round "5"]
[White "Stratigi, Evangelia"]
[Black "Fragou, Maria V."]
[Result "1-0"]
[Board "6"]
[WhiteElo "1593"]
[WhiteCountry "GRE"]
[WhiteFideId "4248961"]
[WhiteEloChange "5"]
[BlackElo "1395"]
[BlackCountry "GRE"]
[BlackFideId "4277988"]
[BlackEloChange "-5"]

1. e4 {[%clk 1:30:57]} c6 {[%clk 1:30:49]} 2. Nf3 {[%clk 1:30:57]} d5 {[%clk
1:30:49]} 3. exd5 {[%clk 1:31:26]} cxd5 {[%clk 1:31:33]} 4. Ne5 {[%clk 1:31:29]}
Nf6 {[%clk 1:28:50]} 5. d4 {[%clk 1:31:46]} Bf5 {[%clk 1:25:25]} 6. Bb5+ {[%clk
1:31:17]} Nbd7 {[%clk 1:22:58]} 7. O-O {[%clk 1:29:54]} a6 {[%clk 1:22:15]} 8.
Ba4 {[%clk 1:27:52]} b5 {[%clk 1:20:40]} 9. Bb3 {[%clk 1:27:37]} e6 {[%clk
1:20:46]} 10. Bg5 {[%clk 1:24:31]} Qc7 {[%clk 1:18:03]} 11. Nxd7 {[%clk 1:11:52]}
Nxd7 {[%clk 1:17:45]} 12. Re1 {[%clk 1:11:43]} Nb6 {[%clk 1:15:07]} 13. Nc3
{[%clk 1:08:22]} Bd6 {[%clk 0:59:58]} 14. Bxd5 {[%clk 0:59:28]} Rc8 {[%clk
0:56:22]} 15. Be4 {[%clk 0:48:37]} Bg6 {[%clk 0:39:26]} 16. d5 {[%clk 0:38:29]}
e5 {[%clk 0:37:57]} 17. Bxg6 {[%clk 0:32:53]} hxg6 {[%clk 0:36:48]} 18. Ne4
{[%clk 0:27:20]} Kd7 {[%clk 0:34:48]} 19. Qf3 {[%clk 0:21:21]} f5 {[%clk
0:31:25]} 20. c3 {[%clk 0:17:09]} Rcf8 {[%clk 0:30:44]} 21. Nxd6 {[%clk 0:17:02]}
Qxd6 {[%clk 0:30:37]} 22. Qg3 {[%clk 0:16:24]} Re8 {[%clk 0:28:20]} 23. Rad1
{[%clk 0:15:56]} a5 {[%clk 0:25:16]} 24. h3 {[%clk 0:16:04]} Rhf8 {[%clk
0:23:34]} 25. Qd3 {[%clk 0:16:18]} Nc4 {[%clk 0:18:57]} 26. b3 {[%clk 0:15:57]}
Na3 {[%clk 0:18:52]} 27. Bc1 {[%clk 0:14:50]} b4 {[%clk 0:16:17]} 28. Bxa3 {[%clk
0:15:08]} bxa3 {[%clk 0:16:00]} 29. Qb5+ {[%clk 0:15:30]} Ke7 {[%clk 0:16:16]}
30. Qxa5 {[%clk 0:15:32]} Rb8 {[%clk 0:16:16]} 31. Qa7+ {[%clk 0:15:05]} Kf6
{[%clk 0:16:35]} 32. c4 {[%clk 0:14:55]} Rfc8 {[%clk 0:16:27]} 33. Qe3 {[%clk
0:13:54]} g5 {[%clk 0:16:10]} 34. Re2 {[%clk 0:13:16]} e4 {[%clk 0:16:02]} 35.
Qd4+ {[%clk 0:12:54]} Kg6 {[%clk 0:16:12]} 36. f3 {[%clk 0:11:50]} 1-0